Quizzes
Events
Quiz Creation
Community
Videos
Private Events
Remove Ads
Sign In
Join for FREE
Feedback
Dark Mode
Quiz Categories
Sports
Geography
Music
Movies
Television
Just For Fun
Miscellaneous
History
Literature
Language
Science
Gaming
Entertainment
Religion
Holiday
For Kids
Quiz Lab
Recent
Popular Today
Quiz Kudos Today
Editor Picks
Curator Picks
Quizzes by...
Day
Popularity
Type
Ratings
Length
Year
Community
Subscriptions
Recent Discussions
Orange Saloon
Badges
Playlists
Quests
Create
Leaderboards
Showdown
Live 5
Trivia Bingo
Activity
Puzzle Library
Sporcle Events
Private Events
Virtual Trivia
Globe League
Become a Host
Pub Owners
SporcleCon
Opinionation
Our Games
Videos
Blog
Mobile Apps
Partnerships
Remove Ads and Go Orange
Feedback
Science
Computer
Plants
Astronomy
Chemistry
Elements
Math
Animal
Physics
Anatomy
Biology
Geology
General Science
Science
Computer
Plants
Astronomy
Chemistry
Elements
Math
Animal
Physics
Anatomy
Biology
Geology
General Science
Random Quiz
Search Sporcle
×
Quiz Lab
Quiz Lab
Science
Type in answers that appear in a list
Type in answers that appear in a list
Classic
Best Score? Go Orange.
Genotypes and Phenotypes-Level 3 Stats
True or False. Genotypes and Phenotypes-Level 3. B= Brown and b= blue
By
Mrniemis
30s
18 Questions
908 Plays
908 Plays
908 Plays
Comments
Comments
Give Quiz Kudos
Give Quiz Kudos
-
- Ratings
hide this ad
More Info
Forced Order
Answers have to be entered in order
Answers have to be entered in order
Minefield
Wrong answers will end the quiz
Wrong answers will end the quiz
Wrong Answers
Some wrong answers will appear in red
Some wrong answers will appear in red
Random Order
Randomize order of answers
Randomize order of answers
Replay
Link that replays current quiz
Next Quiz
Link to next quiz in quiz playlist
You Got
0%
They Got
Avg Score
43%
Avg Friend Score
Upgrade to see
Score Distribution
Jump to the score distribution portion of the page
Score
0/18
Timer
00:30
0
Plays Today
Hint
Answer
% Correct
Heterozygous is also called purebred
???
45.8%
Homozygous is also called purebred
???
45.5%
B = Brown and b = blue, bb would be brown
???
45.3%
If both alleles are different it is called heterozygous
???
45.2%
If both alleles are the same it is called homozygous
???
44.9%
If both alleles are the same it is called heterozygous
???
44.8%
B = Brown and b = blue, Bb would be blue
???
43.8%
B = Brown and b = blue, Bb would be brown
???
43.5%
B = Brown and b = blue, bb would be blue
???
43%
Hint
Answer
% Correct
B = Brown and b = blue, BB would be brown
???
42.7%
B = Brown and b = blue, Brown is always heterozygous
???
42.7%
If both alleles are different it is called homozygous
???
42.6%
B = Brown and b = blue, BB would be blue
???
42.2%
Heterozygous is also called hybrid
???
42%
Homozygous is also called hybrid
???
41.7%
B = Brown and b = blue, Brown is always homozygous
???
40.5%
B = Brown and b = blue, blue is always homozygous
???
38.2%
B = Brown and b = blue, blue is always heterozygous
???
37.3%
Quiz Playlist
Details
Report
Send in Message
Add To Playlist
More Info:
B=- Brown and b= blue
Classic:
Type in answers that appear in a list
Forced Order:
Answers have to be entered in order
Minefield:
Wrong answers will end the quiz
Wrong Answers:
Some wrong answers will appear in red
Random Order:
Randomize order of answers
Last Updated: Apr 23, 2017
Quiz Scoreboard
CHALLENGE
Sign Up to Join the Scoreboard
Show All
Scores
Hide
Comments
May contain spoilers
Recently Published
Popular People in 1961
by mucciniale
History
6m
1-10 Letter E Words III
by El_Dandy
Language
2m
One Thing in Common: World Cities II
by knightlancer
Geography
7m
More to Explore
Quiz From the Vault
Featured Blog Post
Where Did the Easter Bunny Come From?
hide this ad
You Might Also Like...
Tags
This quiz does not have any tags.
Today's Top Quizzes in Science
Browse Science
hide this ad
Top Contributed Quizzes in Science
1
Quick Pick: Radians
2
One Thing in Common: Science III
3
One Thing in Common: Science
4
Sporcle Puzzle Hunt: Science
5
One Thing in Common: Science II
6
Quick Pick: 'CI-CJ' Animals
7
Click the Parts of an Plant Cell
8
Elements In Images
9
Multiplication table 1-10
10
Square Numbers Scrambled (1-50)
Explore More
Trending Topics
Kpop
Marvel
Crossword
Harry Potter
Anime
Disney
NBA
Country
NFL
The Office
Soccer
WWE
Puzzle
Pokémon
Song
hide this ad
More By:
Mrniemis
Quiz
Plays
Rating
Category
Featured
Created
Word Ladder: Speaking
92,501
3.65
Just For Fun
May 4, 2010
Photosynthesis For Escape Room
45,009
3.00
Science
Jan 13, 2021
Winter Holiday Jokes for Breakout
35,816
2.74
Holiday
Dec 3, 2018
Cell Parts Speed Challenge for Breakout Box
24,806
Science
Jan 18, 2021
Human Body Parts Breakout box
15,619
1.63
Science
Jan 24, 2018
Go to Creator's Profile
Score Distribution
Quiz Creator Spotlight
Mrniemis
Follow
Send a Message
Quizzes Created
-
Created Quiz Play Count
-
More By This Creator
Popular Quizzes Today
1
Find the US States - No Outlines Minefield
2
The Countries of the World
3
Popular People in 1961
4
Find the Countries of Europe - No Outlines Minefield
5
1-10 Letter E Words III
6
Find the US States
7
One Thing in Common: World Cities II
8
US States
More Science Quizzes
Taxonomic Ranks
Published
Trending Quizzes
Country Music Stars Doing Things
Get the Picture: Carrie or Dolly
1-10 Letter F Words
1-10 Letter G Words
Risky Map Clicking: Next State Alphabetically
Recently Updated
Leaping Animals
pecheneg
Reality TV Shows (A-Z)
bhenderson79
Rickey Henderson's Hall of Fame Teammates
pecheneg
Champions League XIs: Arsenal
pecheneg
Quick Pick: Celebrities in WWE's Hall of Fame
aduchscher
A-Z Keypad Blitz II
pecheneg
Multiple Oscar Actors
pecheneg
Mystery Phrase Blitz: Oscar 'Best Actors'
pecheneg
F. Scott Fitzgerald Novels
LTH
Pick 3 Villains
ddd62291
Trending Topics
Crossword
Harry Potter
NBA
Anime
Kpop
Disney
Marvel
WWE
Puzzle
Pokémon
Soccer
Country
NFL
The Office
Song
Your Account Isn't Verified!
In order to create a playlist on Sporcle, you need to verify the email address you used during registration. Go to your
Sporcle Settings
to finish the process.
Report this User
Report this user for behavior that violates our
Community Guidelines
.
Details:
Send Report
Go to the Sporcle.com Mobile Site →
Comments